| 000 | 00762nam a2200241Ia 4500 | ||
|---|---|---|---|
| 003 | OSt | ||
| 005 | 20220925211831.0 | ||
| 006 | a|||||r|||| 00| 0 | ||
| 007 | ta | ||
| 008 | 220923b |||||||| |||| 00| 0 eng d | ||
| 037 | _cGeneral Book | ||
| 040 |
_aRTL _cRTL _beng |
||
| 041 |
_2eng _aeng |
||
| 082 | _aT2.44Q7sN63, K6 | ||
| 110 |
_aPakistan, Government Of .... Education (Bureau of-) _9275501 |
||
| 245 | 0 | _aEducational statistics for West Pakistan for 1963- | |
| 260 |
_aLahore _bThe Author Pakistan _c1966 |
||
| 300 |
_avi,90p. _ccm. |
||
| 650 |
_aSecondary Education _9171032 |
||
| 700 |
_aPakistan, Government Of .... Education (Bureau of-) _9275502 |
||
| 942 |
_hT2.44Q7sN63, K6 _cGB _2CC |
||
| 999 |
_c558815 _d558815 |
||